000 00608nam a22001577a 4500
005 20251108164030.0
008 250721s1986 xx 000 0 ara d
082 1 4 _a189/عصا
100 1 _aعلي، عصام الدين محمد
245 1 0 _aبواكير الثقافة الإسلامية و حركة النقل و الترجمة من أواخر القرن الأول حتى منتصف القرن الرابع الهجرى /
264 1 _aالإسكندرية :
_bمنشأة المعارف،
_c1986.
300 _a217ص
650 1 7 _aالفلسفة الإسلامية
942 _2ddc
_cBK
999 _c1905
_d1905